| 000 | 00558nam a2200145 a 4500 | ||
|---|---|---|---|
| 001 | 4697 | ||
| 003 | CDMR | ||
| 005 | 20151102140003.0 | ||
| 008 | 130130s2005||||||||||||||||||||||||||||d | ||
| 040 |
_aCDMR _bcat _cCDMR |
||
| 110 | 2 |
_91066 _aCol·legi de Periodistes de Catalunya _b -- Demarcació de Tarragona |
|
| 245 | 0 |
_aGuia de la comunicació 2005 _b: Alt Camp, Baix Camp, Baix Ebre, Baix Penedès, Conca de Barberà, Montsià, Priorat, Ribera d'Ebre, Tarragonès, Terra Alta |
|
| 260 |
_aTarragona _c2005 _bCol.legi de Periodistes de Catalunya |
||
| 942 |
_cMON _2udc |
||
| 999 |
_c4697 _d4697 |
||